【プロ野球】 2026年 北海道日本ハムファイターズ 応援歌 - Statistics

General Stats
  • This quiz has been taken 12 times
  • The average score is 21 of 27
Answer Stats
応援歌 選手名 % Correct
晴れたる吉備の国から 心熱く踏み出しダイヤモンドのその先 さあ行こうぜ〇〇! 上川畑大悟
100%
渾身の力で 敵を蹴散らせ豪快なアーチを スタンドへぶち込め マルティネス
91%
虹を描くアーチ 気高きその構えで  ララララララ〇〇 打て打てそれゆけ! 郡司裕也
91%
今だ〇〇 遥かに続いた道を 走れ〇〇 輝くその日まで 西川遥輝
91%
描き出す 理想(おもい)は久遠(はるか)高く鍛えし腕(かいな)で 〇〇打て 清宮幸太郎
91%
オーオーオーオーオーオーオー「〇〇ー!」 オーオーオー 飛ばせホームラン 「GO!GO!」〇〇 両手をあげて 「GO!GO!」〇〇 飛ばせホームラン 水谷瞬
91%
期待背負いさぁ立ち上がれ 「オー!〇〇!」内に秘めた大きな蕾 この地で今花咲け レイエス
91%
行け希望の花 咲かすその日まで飛ばせ栄光の座へと 導くホームラン 野村佑希
82%
溢れる力を出し その名を刻め 希望の道を拓け Go my way! 〇〇 カストロ
82%
シャープに決めるバッティング 風斬るスピードと敵を仕留める強肩で 勝ちへと繋げ 淺間大基
82%
燃え盛れ〇〇 いざ打ち勝て冴え渡るリード 未来へ導け 清水優心
82%
飛び切りの夢へ 魂に身をまかせ心射抜くそのプレイ 決めるぞ〇〇 矢澤宏太
82%
駆け抜けろ 緑の海原をGo!〇〇羽ばたけ 栄光の空へ 伊藤大海
82%
北の大地で挑み 夢見る歓喜の日へ投打で輝きを放て 凛々しい姿で 山﨑福也
82%
彼方煌めく栄光を 讃えしその日まで果てなき夢の旅路 遥かに突き進め 水野達稀
82%
この瞬間(とき)を刻む 魅せろスプリンター〇〇駆け抜けるぜ 煌めく時代へ 五十幡亮汰
82%
フィールドで舞う 華麗な旋律 響け未来へと 行け〇〇 山縣秀
82%
走塁・打撃・守備 全て兼ね備えた頼れる仕事人 いざ進むぞ〇〇 奈良間大己
82%
万世に続く 大きな波を起こせ澄み渡る空に高く 輝け〇〇 万波中正
82%
踏み出した姿に 最高の期待込めて今、頂目指し進め 挑み勝て〇〇 中島卓也
73%
さあ行くぞ!かっ飛ばせ! フィールド駆けろ煌びやかな栄冠を 掴むぞ〇〇 細川凌平
73%
それ行け〇〇 ガッツプレー怒涛の如く 打つぞホームラン 今川優馬
73%
〇〇のこの一打 広角に打ち分けろ 想いをその胸に 「◯!◯!打・て!」 田宮裕涼
64%
我らの期待を 右(左)腕にかけて今魅せろ〇〇 全力で行け 投手用テーマ
64%
勝利を誘う 晴れ舞台みなぎる闘志を ぶつけろ〇〇 メインテーマ1
36%
行けそれ行け 打てそれ打て走れここで輝け Let's Go FIGHTERS メインテーマ2
36%
未来へと続く 輝く星となれ 栄光の瞬間 目指し突き進め メインテーマ3
36%
No matching quizzes found
Score Distribution
Percent of People with Each Score
Percentile by Number Answered
Your Score History
You have not taken this quiz